000 nam a22 7a 4500
999 _c8177
_d8177
005 20191001024840.0
008 191001b xxu||||| |||| 00| 0 eng d
020 _a9781631983856
_bpaperback
040 _beng
_cAPEC Schools Library
_erda
082 _aC 158.20834
_bC776s 2019
100 _aCooper, Scott
245 _aSpeak up and get along! : learn the mighty might, thought chop, and more tools to make friends, stop teasing and feel good about yourself /
_cScott Cooper
264 _aMinneapolis, MN :
_bFree Spirit Publishing, Inc.,
_c©2019.
300 _a129 pages :
_billustrations ;
336 _2rdacontent
_atext
337 _2rdamedia
_aunmediated
338 _2rdacarrier
_avolume
504 _aIncludes index.
650 _aInterpersonal communication.
650 _aChildren
_vConduct of life/
942 _2ddc
_cNFIC